From policy to implementation : (Registro nro. 2133)
[ vista simple ]
| 000 -CABECERA | |
|---|---|
| Campo de control | 01108nam a2200289 a 4500 |
| 005 - FECHA Y HORA DE LA ULTIMA TRANSACCION | |
| Campo de control | 20191224041624.0 |
| 008 - ELEMENTOS DE LONGITUD FIJA—INFORMACION GENERAL | |
| Campo de control | 140304t2000 -cn||||fr|||| 000 0 eng d |
| 020 ## - ISBN | |
| ISBN | 9280719238 |
| 040 ## - FUENTE DE CATALOGACIÓN | |
| Agencia catalogadora original | CO-BoIAVH |
| Agencia transcriptora | CO-BoIAVH |
| 041 0# - IDIOMA | |
| Código de idioma para texto/pista de sonido o título separado | Inglés |
| 044 ## - PAÍS DE PUBLICACIÓN | |
| País de publicación | Canadá |
| 082 04 - NUMERO DE CLASIFICACION DECIMAL DEWEY | |
| Número de clasificación | 333.95 |
| Número del ítem | S44f |
| 110 2# - ASIENTO PRINCIPAL--NOMBRE CORPORATIVO | |
| Unidad subordinad | Secretariat of the Convention on Biological Diversity |
| 9 (RLIN) | 57714 |
| 245 15 - MENCION DE TITULO | |
| Título | From policy to implementation : |
| Parte restante del título | Decisions from the fifth meeting of the Conference of the Parties to the Convention on Biological Diversity, Nairobi, Kenya 15-26 May 2000 |
| 260 ## - PUBLICACION, DISTRIBUCION, ETC. (PIE DE IMPRENTA) | |
| Lugar de publicación, distribución, etc. | Montreal : |
| Nombre del editor, distribuidor, etc. | Secretariat of the Convention on Biological Diversity, |
| Fecha de publicación, distribución, etc. | 2000. |
| 300 ## - DESCRIPCION FISICA | |
| Extensión | 138 páginas ; |
| Dimensiones | 21 x 15 cm. |
| 650 16 - ASIENTO SECUNDARIO DE MATERIA - TERMINO TEMATICO | |
| Término temático o nombre geográfico como elemento de entrada | Convenio sobre diversidad biológica |
| 9 (RLIN) | 3261 |
| 650 26 - ASIENTO SECUNDARIO DE MATERIA - TERMINO TEMATICO | |
| Término temático o nombre geográfico como elemento de entrada | Protocolo de Cartagena sobre Bioseguridad |
| 9 (RLIN) | 4523 |
| 650 26 - ASIENTO SECUNDARIO DE MATERIA - TERMINO TEMATICO | |
| Término temático o nombre geográfico como elemento de entrada | Biodiversidad |
| 9 (RLIN) | 92204 |
| 650 26 - ASIENTO SECUNDARIO DE MATERIA - TERMINO TEMATICO | |
| Término temático o nombre geográfico como elemento de entrada | Ecosistemas |
| 9 (RLIN) | 92256 |
| 650 26 - ASIENTO SECUNDARIO DE MATERIA - TERMINO TEMATICO | |
| Término temático o nombre geográfico como elemento de entrada | Agrobiodiversidad |
| 9 (RLIN) | 57717 |
| 650 26 - ASIENTO SECUNDARIO DE MATERIA - TERMINO TEMATICO | |
| Término temático o nombre geográfico como elemento de entrada | Taxonomía |
| 9 (RLIN) | 57718 |
| 650 26 - ASIENTO SECUNDARIO DE MATERIA - TERMINO TEMATICO | |
| Término temático o nombre geográfico como elemento de entrada | Indicadores ambientales |
| 9 (RLIN) | 185 |
| 650 26 - ASIENTO SECUNDARIO DE MATERIA - TERMINO TEMATICO | |
| Término temático o nombre geográfico como elemento de entrada | Global environment facility |
| 9 (RLIN) | 11749 |
| 650 26 - ASIENTO SECUNDARIO DE MATERIA - TERMINO TEMATICO | |
| Término temático o nombre geográfico como elemento de entrada | Clearing House Mechanism |
| 9 (RLIN) | 8896 |
| 942 ## - ELEMENTOS ADICIONALES (KOHA) | |
| Tipo de ítem | Libro |
| Sistema de clasificación | Dewey Decimal Classification |
| Withdrawn status | Lost status | Sistema de Clasificación | Damaged status | No para préstamo | Colección | Inventariado | Ubicación Permanente | Ubicación actual | Fecha de adquisición | Total Checkouts | Número topográfico | Inventario / Código de Barras | Date last seen | Ejemplar | Price effective from | Forma de adquisición | Tipo de material | Fuente de Valor |
|---|---|---|---|---|---|---|---|---|---|---|---|---|---|---|---|---|---|---|
| Dewey Decimal Classification | General | Inventariado 2017 | Bogotá | Bogotá | 31/05/2001 | LB-333.95 S44f | 002668 | 04/12/2012 | Ej. 1 | 04/12/2012 | Libro | |||||||
| Dewey Decimal Classification | General | Inventariado 2017 | Sala Fabio Quevedo | Sala Fabio Quevedo | 04/05/2001 | LB-333.95 S44f | 002670 | 04/12/2012 | Ej. 2 | 04/12/2012 | Libro | Hernández Salgar, Ana María |